Készülnek a negyedikre Ősbemutató előtt a Kisszínházban

Elmentve itt :
Bibliográfiai részletek
Dokumentumtípus: Cikk
Megjelent: 1980-11-30
Sorozat:Délmagyarország 70 No. 281
Kulcsszavak:Kamaraszínház
Online Access:http://dmarchiv.bibl.u-szeged.hu/120123
LEADER 00438nab a2200145 i 4500
001 delm120123
005 20190530132847.0
008 190530s1980 hu o 0|| hun d
040 |a SZTE Délmagyarország Archívum  |b hun 
041 |a hun 
245 0 0 |a Készülnek a negyedikre   |h [elektronikus dokumentum] :  |b Ősbemutató előtt a Kisszínházban 
260 |c 1980-11-30 
300 |a 4 
490 0 |a Délmagyarország  |v 70 No. 281 
695 |a Kamaraszínház